000 00287nam a22001337a 4500
008 170814b xxu||||| |||| 00| 0 eng d
020 _a0803926251
041 _aeng
080 _a51
100 _a36
101 _aMAT
245 _aHOW MANY SUBJECTS?
_cDENENBERG,V.H
942 _2udc
_cBK
999 _c23380
_d23380